[Event "Online Olym Div3 D 2020"]
[Site "chess.com INT"]
[Date "2020.07.08"]
[Round "4.1"]
[Board "1"]
[White "Douissa, Oussama"]
[Black "Machin Rivera, Mark"]
[Result "1/2-1/2"]
[WhiteTitle "FM"]
[BlackTitle "IM"]
[WhiteElo "2258"]
[BlackElo "2341"]
[WhiteTeam "Tunisia"]
[BlackTeam "Puerto Rico"]
[WhiteFideId "5500508"]
[BlackFideId "3101126"]
[EventDate "2020.07.07"]
[EventType "team"]

1. e4 g6 2. d4 Bg7 3. Nf3 d6 4. Nc3 a6 5. h3 b5 6. Be3 Nd7 7. a4 b4 8. Ne2 Bb7
9. Ng3 Ngf6 10. Bd3 c5 11. c3 bxc3 12. bxc3 O-O 13. O-O Qc7 14. Qd2 Rfb8 15. Bh6
Bh8 16. Rfe1 c4 17. Bc2 e6 18. Nh2 a5 19. f4 Ra6 20. f5 e5 21. fxg6 hxg6 22. d5
Bc8 23. h4 Nc5 24. Ra2 Nb3 25. Qe2 Bg7 26. Bxg7 Kxg7 27. h5 Ra7 28. Rf1 Ng8 29.
hxg6 fxg6 30. Nf3 Bg4 31. Qf2 Qc5 32. Ng5 Nf6 33. Qxc5 Nxc5 34. Kf2 Rab7 35. Ke3
Rb2 36. Rfa1 Bd7 37. Bd1 Ng4+ 38. Bxg4 Bxg4 39. Rxb2 Rxb2 40. Ne6+ Bxe6 41. dxe6
Nxe6 42. Rd1 Rb6 43. Rd5 Nc5 44. Nf1 Nxa4 45. Rxa5 Nxc3 46. Ra7+ Kf6 47. Rc7 d5
48. Nd2 Nb5 49. Rc5 d4+ 50. Kf3 c3 51. Nc4 Rb7 52. Nxe5 Na3 53. Nd3 Rb1 54. e5+
Ke7 55. Ke4 Nc2 56. Kd5 Rd1 57. Nf4 Ne3+ 58. Ke4 c2 59. Rc7+ Ke8 60. Nd3 Kd8 61.
Rc5 Rd2 62. Kxd4 Nxg2 63. Kc3 Re2 64. Kb2 Ne3 65. Nb4 g5 66. e6 Re1 67. Nxc2 Re2
68. Kb3 Rxc2 69. Rxc2 Nxc2 70. Kxc2 Ke7 71. Kd3 Kxe6 72. Ke4 Kf6 73. Kf3 Kf5 74.
Kg3 g4 75. Kg2 Kg5 76. Kg3 Kh5 77. Kg2 Kh4 78. Kh2 Kg5 79. Kg3 Kf5 80. Kg2 Kf4
81. Kf2 g3+ 82. Kg2 Kg4 83. Kg1 Kh3 84. Kh1 Kh4 85. Kg2 Kg4 86. Kg1 Kf4 87. Kg2
Kg4 1/2-1/2

[Event "Online Olym Div3 D 2020"]
[Site "chess.com INT"]
[Date "2020.07.08"]
[Round "4.1"]
[Board "2"]
[White "Zilleruelo Irizarry, Diego"]
[Black "Meftahi, Houssem"]
[Result "1/2-1/2"]
[BlackTitle "IM"]
[WhiteElo "2081"]
[BlackElo "2117"]
[WhiteTeam "Puerto Rico"]
[BlackTeam "Tunisia"]
[WhiteFideId "3101460"]
[BlackFideId "5501660"]
[EventDate "2020.07.07"]
[EventType "team"]

1. e4 c5 2. Nf3 Nc6 3. Bb5 e6 4. Bxc6 bxc6 5. O-O Ne7 6. e5 Ng6 7. d3 f6 8. exf6
gxf6 9. Qe2 Bg7 10. Nc3 O-O 11. h4 Qc7 12. Ne4 d6 13. h5 Ne7 14. h6 Bh8 15. Nh4
f5 16. Ng5 Rf6 17. Qh5 Ng6 18. Ngf3 Qf7 19. Ng5 Qc7 20. Ngf3 Qf7 21. Ng5 Qc7 1/2-1/2

[Event "Online Olym Div3 D 2020"]
[Site "chess.com INT"]
[Date "2020.07.08"]
[Round "4.1"]
[Board "3"]
[White "Miladi, Amen"]
[Black "Vazquez Maccarini, Danitza"]
[Result "0-1"]
[WhiteTitle "WFM"]
[BlackTitle "FM"]
[WhiteElo "1784"]
[BlackElo "2090"]
[WhiteTeam "Tunisia"]
[BlackTeam "Puerto Rico"]
[WhiteFideId "5503779"]
[BlackFideId "3101193"]
[EventDate "2020.07.07"]
[EventType "team"]

1. e4 e5 2. Nc3 Nc6 3. g3 Bc5 4. Bg2 Nf6 5. Nge2 a6 6. d3 d6 7. O-O h6 8. a3 Be6
9. h3 Qd7 10. Kh2 Nd4 11. f4 Qe7 12. f5 Bd7 13. Nxd4 Bxd4 14. Ne2 Bb6 15. c3 Bc6
16. g4 Rd8 17. Ng3 d5 18. Qe2 dxe4 19. Nxe4 Nxe4 20. Bxe4 Bxe4 21. dxe4 f6 22.
Be3 Bxe3 23. Qxe3 O-O 24. Rad1 Qf7 25. Rd2 Qb3 26. Qe2 Rxd2 27. Qxd2 Qc4 28.
Qd5+ Qxd5 29. exd5 Rd8 30. c4 Kf8 31. Kg2 Ke7 32. Kf3 a5 33. b3 Kd6 34. Ke4 Kc5
35. h4 Rd7 36. Rg1 a4 37. bxa4 Kxc4 38. Rc1+ Kb3 39. g5 hxg5 40. hxg5 Kxa4 41.
Rb1 b6 42. Ra1 Kb3 43. a4 Kb4 0-1

[Event "Online Olym Div3 D 2020"]
[Site "chess.com INT"]
[Date "2020.07.08"]
[Round "4.1"]
[Board "5"]
[White "Boulaares, Adam"]
[Black "Rodriguez Rosich, Carlos"]
[Result "1-0"]
[WhiteElo "1861"]
[BlackElo "1574"]
[WhiteTeam "Tunisia"]
[BlackTeam "Puerto Rico"]
[WhiteFideId "5508657"]
[BlackFideId "3104230"]
[EventDate "2020.07.07"]
[EventType "team"]

1. e4 c5 2. Nc3 Nc6 3. g3 e6 4. Bg2 Nf6 5. d3 d5 6. f4 Be7 7. Bd2 a6 8. Nf3 b5
9. e5 Nd7 10. O-O Bb7 11. Qe2 Qb6 12. Kh1 h5 13. h3 O-O-O 14. f5 Rdf8 15. a4 b4
16. fxe6 fxe6 17. Nd1 h4 18. g4 Qc7 19. Re1 a5 20. c3 Ba6 21. Bg5 Bxg5 22. Nxg5
Ndxe5 23. Nxe6 Qd6 24. Nxf8 Rxf8 25. Nf2 Kd8 26. Qe3 Rxf2 27. Qxf2 Nxd3 28.
Qxh4+ Kd7 29. Red1 d4 30. cxb4 cxb4 31. Rd2 Nce5 32. Qg5 Qe7 33. Qxe7+ Kxe7 34.
Be4 Ke6 35. Rad1 Nc5 36. Bf5+ Kf6 37. Rxd4 Nb3 38. Rd6+ Kg5 39. Rxa6 Kf4 40.
Rf1+ Kg3 41. g5 Nc5 42. Rxa5 Ncd3 43. Bxd3 Nxd3 44. Rd5 Nxb2 45. Rb5 Nxa4 46.
Rxb4 Nc5 47. Rc4 Ne6 48. h4 g6 49. Ra1 Kf2 50. Rc3 Ke2 51. Ra2+ Kd1 52. Rg3 Nf4
53. Rg1# 1-0

[Event "Online Olym Div3 D 2020"]
[Site "chess.com INT"]
[Date "2020.07.08"]
[Round "4.1"]
[Board "6"]
[White "Richiez Guillen, Ciara Bernadette"]
[Black "Guidara, Rawia"]
[Result "0-1"]
[WhiteElo "1417"]
[BlackElo "1287"]
[WhiteTeam "Puerto Rico"]
[BlackTeam "Tunisia"]
[WhiteFideId "6424643"]
[BlackFideId "5506697"]
[EventDate "2020.07.07"]
[EventType "team"]

1. d4 Nf6 2. c4 g6 3. Nc3 Bg7 4. e4 d6 5. Nf3 Nbd7 6. Be2 O-O 7. O-O e5 8. d5
Nc5 9. Bg5 h6 10. Bxf6 Qxf6 11. b3 Qe7 12. Qd2 f5 13. Qc2 f4 14. b4 Nd7 15. Nb5
Nf6 16. c5 dxc5 17. bxc5 Ne8 18. Rac1 a6 19. Na3 g5 20. Qb3 Kh7 21. h3 h5 22.
Rfd1 g4 23. Nh2 gxh3 24. Bxh5 hxg2 25. Ng4 Qh4 26. Kxg2 Qg5 27. Rh1 f3+ 28. Kg3
Qf4+ 29. Kh3 Kg8 30. Rcg1 Bxg4+ 31. Rxg4 Qh6 32. d6+ Kh7 33. Rh4 cxd6 34. Bxe8
Qxh4+ 35. Kxh4 Raxe8 36. Kg4+ Kg6 37. Qd1 Rf4+ 38. Kg3 dxc5 39. Qd6+ Kf7 40.
Qd7+ Kf8 41. Rh7 Rf7 42. Qd6+ Ree7 43. Qd8+ Re8 44. Qh4 Kg8 45. Rxg7+ Rxg7+ 46.
Kh3 Rh7 47. Qxh7+ Kxh7 48. Nc4 b5 49. Na5 c4 50. Kh2 c3 51. Nb3 c2 52. Kg1 Rc8
53. Kh2 c1=Q 54. Nxc1 Rxc1 55. Kh3 Ra1 56. Kg4 Rxa2 57. Kf5 b4 58. Kxe5 b3 59.
Kd4 b2 60. e5 b1=Q 61. e6 Qd1+ 62. Ke5 Re2+ 63. Kf6 Qd4+ 64. Kf7 Qg7+ 65. Ke8
Rxe6+ 66. Kd8 Qd4+ 67. Kc8 Rc6+ 68. Kb8 Qb6+ 69. Ka8 Rc8# 0-1

[Event "Online Olym Div3 D 2020"]
[Site "chess.com INT"]
[Date "2020.07.08"]
[Round "4.2"]
[Board "1"]
[White "Boidiya, Sidi"]
[Black "Diaz Hollemaert, Nahuel"]
[Result "0-1"]
[WhiteTitle "FM"]
[BlackTitle "IM"]
[WhiteElo "2040"]
[BlackElo "2441"]
[WhiteTeam "Mauritania"]
[BlackTeam "Uruguay"]
[WhiteFideId "19600100"]
[BlackFideId "104019"]
[EventDate "2020.07.07"]
[EventType "team"]

1. e4 g6 2. d4 d6 3. Nc3 a6 4. a4 Bg7 5. Be3 b6 6. Nf3 Bb7 7. h3 e6 8. Qd2 Nd7
9. Bg5 Ne7 10. Bh6 O-O 11. Bxg7 Kxg7 12. Bd3 h6 13. h4 Nf6 14. O-O-O c5 15. h5
Rh8 16. hxg6 Nxg6 17. e5 dxe5 18. dxe5 Ng4 19. Qe2 Nf4 20. Qf1 Qc7 21. Rh4 h5
22. Be4 Rad8 23. g3 Bxe4 24. Nxe4 Qc6 25. Nfg5 Qxa4 26. Kb1 Rxd1+ 27. Qxd1 Ng6
28. Rh1 N6xe5 29. f3 Ne3 30. Qd2 Qd4 31. Qe2 N3c4 32. Nc3 Nxb2 33. Kxb2 Qb4+ 34.
Kc1 Qxc3 35. Kb1 Nc4 36. Nxe6+ fxe6 0-1

[Event "Online Olym Div3 D 2020"]
[Site "chess.com INT"]
[Date "2020.07.08"]
[Round "4.2"]
[Board "2"]
[White "Michailov, Matias"]
[Black "Taleb Mohamed, Ahmed"]
[Result "1-0"]
[BlackTitle "CM"]
[WhiteElo "2263"]
[BlackElo "1950"]
[WhiteTeam "Uruguay"]
[BlackTeam "Mauritania"]
[WhiteFideId "3001571"]
[BlackFideId "19600038"]
[EventDate "2020.07.07"]
[EventType "team"]

1. e4 e5 2. Nf3 Nf6 3. Nxe5 d6 4. Nf3 Nxe4 5. Nc3 Nxc3 6. dxc3 Be7 7. Be3 Be6 8.
Bd3 Nd7 9. Qe2 c5 10. c4 Bf6 11. c3 Ne5 12. Nxe5 Bxe5 13. f4 Bf6 14. f5 Bd7 15.
Bf4+ Kf8 16. Bxd6+ Kg8 17. O-O-O Qb6 18. Bc2 h6 19. h4 Bc6 20. Qf2 Qa5 21. Kb1
b6 22. Rhe1 Kh7 23. g4 Rhe8 24. g5 hxg5 25. hxg5 Bxg5 26. f6+ Kg8 27. Qh2 Rxe1
28. Qh7# 1-0

[Event "Online Olym Div3 D 2020"]
[Site "chess.com INT"]
[Date "2020.07.08"]
[Round "4.2"]
[Board "5"]
[White "Mohamed Abderrahim, Taleb Mohamed"]
[Black "Suarez, Pedro"]
[Result "0-1"]
[BlackTitle "CM"]
[WhiteElo "1811"]
[BlackElo "2070"]
[WhiteTeam "Mauritania"]
[BlackTeam "Uruguay"]
[WhiteFideId "19601441"]
[BlackFideId "3007642"]
[EventDate "2020.07.07"]
[EventType "team"]

1. e4 e6 2. d4 d5 3. Nd2 Nf6 4. Bd3 c5 5. dxc5 Bxc5 6. Qe2 Nc6 7. Ngf3 O-O 8.
O-O Qc7 9. e5 Ng4 10. Bxh7+ Kxh7 11. Ng5+ Kg8 12. Qxg4 Qxe5 13. Ndf3 Qf5 14.
Qxf5 exf5 15. Rd1 Rd8 16. Nh3 b6 17. Nf4 d4 18. Nd3 Be7 19. b3 Bb7 20. Bb2 Rac8
21. Rd2 Bf6 22. a3 a5 23. Rad1 g5 24. h3 g4 25. hxg4 fxg4 26. Nh2 Bg5 27. Re2 g3
28. fxg3 Be3+ 29. Kf1 Rd5 30. g4 Ba6 31. Nf3 f5 32. gxf5 Rxf5 33. Rxe3 dxe3 34.
Ke2 Re8 35. Rh1 Bxd3+ 36. cxd3 Rb5 37. b4 axb4 38. a4 Ra5 39. Rh8+ Kf7 40. Rh7+
Kg6 41. Rg7+ Kh6 42. Nh4 Rg5 43. Rc7 Re6 44. d4 Kh5 45. d5 Rxd5 46. Nf3 Ne7 47.
Rc1 Nf5 48. Rh1+ Kg6 49. Rh3 b3 50. g4 Nd6 51. g5 Nf5 52. Rh8 Ng3+ 53. Ke1 e2
54. Nd4 Rxd4 55. Bxd4 Kxg5 56. Rg8+ Kf4 57. Bb2 Rd6 58. Rf8+ Kg4 59. Rg8+ Kh3
60. Kf2 Rd3 61. Rh8+ Kg4 62. Rg8+ Kf4 63. Rf8+ Ke4 64. Re8+ Kd5 65. Rd8+ Kc4 66.
Rxd3 Kxd3 67. Ke1 Kc2 68. Bd4 b2 0-1

[Event "Online Olym Div3 D 2020"]
[Site "chess.com INT"]
[Date "2020.07.08"]
[Round "4.3"]
[Board "1"]
[White "Curriah, Malik"]
[Black "Zambrana, Oswaldo"]
[Result "1-0"]
[WhiteTitle "CM"]
[BlackTitle "GM"]
[WhiteElo "2043"]
[BlackElo "2438"]
[WhiteTeam "Jamaica"]
[BlackTeam "Bolivia"]
[WhiteFideId "7402236"]
[BlackFideId "3300200"]
[EventDate "2020.07.07"]
[EventType "team"]

1. e4 c5 2. Nf3 Nc6 3. Bb5 e6 4. Bxc6 bxc6 5. e5 Qc7 6. O-O Ne7 7. Qe2 Ng6 8. d3
Be7 9. Re1 O-O 10. Bg5 f6 11. exf6 gxf6 12. Bh6 Rf7 13. Nc3 d5 14. d4 cxd4 15.
Nxd4 e5 16. Nb3 Kh8 17. Rad1 Bd7 18. Qh5 Rg8 19. f4 Qc8 20. h3 exf4 21. Rd2 Bd6
22. Nxd5 cxd5 23. Qxd5 Ne5 24. Rxe5 Bxe5 25. Qxf7 Be6 26. Qe7 Bxh3 27. Bg7+ Rxg7
28. Rd8+ Qxd8 29. Qxd8+ Rg8 30. Qe7 Rxg2+ 31. Kh1 Kg8 32. Nd4 Rf2 33. Ne6 Bxe6
34. Qxe6+ Kg7 35. Qg4+ Kf7 36. Qd7+ Kg6 37. Qg4+ Kf7 38. Qd7+ Kg6 39. Kg1 Bd4
40. Qxd4 Rf3 41. Qe4+ 1-0

[Event "Online Olym Div3 D 2020"]
[Site "chess.com INT"]
[Date "2020.07.08"]
[Round "4.3"]
[Board "2"]
[White "Gemy, Jose Daniel"]
[Black "Rowe, Duane"]
[Result "1-0"]
[WhiteTitle "IM"]
[BlackTitle "CM"]
[WhiteElo "2380"]
[BlackElo "2157"]
[WhiteTeam "Bolivia"]
[BlackTeam "Jamaica"]
[WhiteFideId "3301478"]
[BlackFideId "7400268"]
[EventDate "2020.07.07"]
[EventType "team"]

1. e4 c5 2. Nf3 e6 3. d3 Nc6 4. Nbd2 g6 5. g3 Bg7 6. Bg2 Nge7 7. O-O O-O 8. Re1
d6 9. a4 Rb8 10. Nc4 e5 11. c3 h6 12. h3 Be6 13. Nfd2 Qd7 14. Kh2 f5 15. f4 exf4
16. gxf4 d5 17. exd5 Bxd5 18. Nf3 Rbd8 19. Be3 Qc7 20. Qc1 b6 21. Nce5 Nxe5 22.
Nxe5 Bxg2 23. Kxg2 Qb7+ 24. Kh2 Bxe5 25. fxe5 Rxd3 26. Bxh6 Qf3 27. Re3 Qf2+ 28.
Kh1 Rd2 29. Qg1 Rfd8 30. Bg5 Qxg1+ 31. Rxg1 Re8 32. Bxe7 Rxe7 33. Rxg6+ Kh7 34.
Rg2 Rd1+ 35. Kh2 f4 36. Re4 Rf1 37. e6 Rf3 38. Rg4 Rf2+ 39. Rg2 Rf3 40. Rg4 Rf2+
41. Kg1 Rxb2 42. Rgxf4 Kg6 43. h4 Rc2 44. Re3 Rd2 45. Re5 Rd3 46. Rg5+ Kh6 47.
Rf6+ Kh7 48. Kg2 Rd8 49. Kg3 Rg8 50. Kf4 Rgg7 51. Ke5 Re8 52. Rxg7+ Kxg7 53.
Rf7+ Kg6 54. Rxa7 Rh8 55. Kd6 Rxh4 56. e7 Kf7 57. Ra8 Rh6+ 58. Kd7 Rh7 59. e8=Q+ 1-0

[Event "Online Olym Div3 D 2020"]
[Site "chess.com INT"]
[Date "2020.07.08"]
[Round "4.3"]
[Board "3"]
[White "Brown, Raehanna"]
[Black "Cordero, Daniela"]
[Result "0-1"]
[WhiteTitle "WCM"]
[BlackTitle "WIM"]
[WhiteElo "1594"]
[BlackElo "2010"]
[WhiteTeam "Jamaica"]
[BlackTeam "Bolivia"]
[WhiteFideId "7402740"]
[BlackFideId "3301630"]
[EventDate "2020.07.07"]
[EventType "team"]

1. c4 e5 2. Nc3 Bb4 3. g3 Bxc3 4. bxc3 d6 5. Bg2 Ne7 6. d3 f5 7. e3 O-O 8. Ne2
Nbc6 9. O-O Qe8 10. f4 Be6 11. Rb1 Rb8 12. Ba3 Rf6 13. fxe5 dxe5 14. Bxe7 Nxe7
15. Rxb7 Rxb7 16. Bxb7 c6 17. Qa4 Qd7 18. Qxa7 Qxd3 19. Rf2 Bxc4 20. Qa4 Qb1+
21. Rf1 Qe4 22. Rf2 h6 23. Ba6 Bxa6 24. Qxa6 Qxe3 25. Qc4+ Nd5 26. Qb3 Qc5 27.
c4 Ne3 28. Nc1 Ng4 29. Nd3 Qe3 30. Qc2 Nxf2 31. Nxf2 f4 32. Qe4 Qc1+ 33. Kg2 f3+
34. Kh3 Qf1+ 0-1

[Event "Online Olym Div3 D 2020"]
[Site "chess.com INT"]
[Date "2020.07.08"]
[Round "4.3"]
[Board "4"]
[White "Estrada, Lucia"]
[Black "Curwin, Nickaylah"]
[Result "1-0"]
[WhiteTitle "WIM"]
[WhiteElo "1888"]
[BlackElo "1509"]
[WhiteTeam "Bolivia"]
[BlackTeam "Jamaica"]
[WhiteFideId "3301923"]
[BlackFideId "7402627"]
[EventDate "2020.07.07"]
[EventType "team"]

1. d4 d5 2. e3 c6 3. f4 e6 4. Nf3 Bd6 5. Bd3 f5 6. O-O Nf6 7. Ne5 O-O 8. c4 Ne4
9. b3 Qe7 10. Bb2 Nd7 11. Nd2 Kh8 12. Ndf3 Nxe5 13. fxe5 Bc7 14. Qc2 g5 15. Bxe4
dxe4 16. Nd2 Rg8 17. Rac1 Bb6 18. c5 Bd8 19. Nc4 h5 20. Nd6 Qg7 21. Rf2 Kh7 22.
Rcf1 Rf8 23. Nxe4 Bd7 24. Nd6 Rb8 25. e4 f4 26. d5 Kh6 27. g3 Be7 28. dxe6 Bxe6
29. Nf5+ Bxf5 30. exf5 Bxc5 31. Qxc5 fxg3 32. hxg3 Qf7 33. Qd6+ Kh7 34. e6 Qe8
35. Qe5 Rg8 36. f6 Rg6 37. f7 Qf8 38. e7 1-0

[Event "Online Olym Div3 D 2020"]
[Site "chess.com INT"]
[Date "2020.07.08"]
[Round "4.3"]
[Board "5"]
[White "McKennis, Darren"]
[Black "Titichoca Daza, Daniel"]
[Result "1-0"]
[BlackTitle "CM"]
[WhiteElo "1735"]
[BlackElo "2090"]
[WhiteTeam "Jamaica"]
[BlackTeam "Bolivia"]
[WhiteFideId "7402872"]
[BlackFideId "3309550"]
[EventDate "2020.07.07"]
[EventType "team"]

1. d4 Nf6 2. c4 g6 3. Nc3 Bg7 4. e4 d6 5. f3 O-O 6. Bg5 c5 7. d5 e6 8. Qd2 Re8
9. Nge2 a6 10. a4 Qa5 11. Ra3 exd5 12. cxd5 Nbd7 13. Ng3 h5 14. Be2 Nh7 15. Be3
h4 16. Nf1 Ne5 17. h3 f5 18. Nh2 Nf6 19. O-O Qb4 20. a5 b5 21. axb6 Qxb6 22. Rb1
Qc7 23. b4 cxb4 24. Rxb4 Bd7 25. Rxa6 Rxa6 26. Bxa6 Ra8 27. Bb6 Qb8 28. Bf1 Qe8
29. Bc7 Nf7 30. Nb5 fxe4 31. Nxd6 Nxd6 32. Bxd6 e3 33. Qd3 Bf5 34. Qb3 e2 35.
Bxe2 Qxe2 36. Rb8+ Rxb8 37. Qxb8+ Kh7 38. Nf1 Nxd5 39. Qa7 Qd1 40. Be5 Kh6 41.
Qxg7+ Kh5 42. Qh7+ Kg5 43. f4+ Nxf4 44. Qe7+ Kh5 45. Bxf4 Qd4+ 46. Be3 1-0

[Event "Online Olym Div3 D 2020"]
[Site "chess.com INT"]
[Date "2020.07.08"]
[Round "4.3"]
[Board "6"]
[White "Monroy G., Nataly A."]
[Black "Miller, Rachel"]
[Result "1-0"]
[WhiteTitle "WIM"]
[BlackTitle "CM"]
[WhiteElo "1957"]
[BlackElo "2004"]
[WhiteTeam "Bolivia"]
[BlackTeam "Jamaica"]
[WhiteFideId "3304019"]
[BlackFideId "7401302"]
[EventDate "2020.07.07"]
[EventType "team"]

1. d4 d5 2. Nf3 Nf6 3. c4 e6 4. g3 Be7 5. Bg2 O-O 6. O-O Nbd7 7. Nc3 dxc4 8. a4
c6 9. Nd2 e5 10. Nxc4 exd4 11. Qxd4 Nc5 12. Qxd8 Rxd8 13. Be3 Nb3 14. Rad1 Be6
15. Ne5 Ng4 16. Nxg4 Bxg4 17. h3 Be6 18. f4 f5 19. Rxd8+ Bxd8 20. Rd1 Bc7 21.
Bf2 a6 22. e4 fxe4 23. Nxe4 Rd8 24. Rxd8+ Bxd8 25. Nd6 Na5 26. b4 Bc7 27. Ne4
Nc4 28. Nc5 Bc8 29. Bf1 Nb6 30. Kh2 Nd5 31. Bc4 Kf8 32. b5 a5 33. Ne4 Ke7 34.
Bc5+ Kd7 35. Ng5 h6 36. Ne4 Nb6 37. Bb3 cxb5 38. axb5 Na8 39. Bf8 g5 40. Bxh6
gxf4 41. gxf4 b6 42. Kg3 Bb7 43. Nf6+ Ke7 44. Ng4 Be4 45. Bg5+ Kf8 46. h4 Bd6
47. h5 Nc7 48. h6 Be7 49. Nf2 Bh7 50. Ba4 Nd5 51. Nd1 Kf7 52. Bb3 Be4 53. h7 Kg7
54. Bxd5 Bxg5 55. Bxe4 Be7 56. Nc3 Bf6 57. Nd5 Bd4 58. Kg4 a4 59. Nb4 Bc5 60.
Nd3 Bd4 61. Nb4 a3 62. Bb1 Bc5 63. Nc6 Bd6 64. Nd8 Bc5 65. Ne6+ Kh8 66. Nxc5
bxc5 67. b6 c4 68. b7 c3 69. b8=Q+ Kg7 70. h8=Q+ Kf7 71. Qbe8# 1-0

[Event "Online Olym Div3 D 2020"]
[Site "chess.com INT"]
[Date "2020.07.08"]
[Round "4.4"]
[Board "1"]
[White "Andersen, Mads"]
[Black "Ynojosa Aponte, Felix Jose"]
[Result "1-0"]
[WhiteTitle "GM"]
[BlackTitle "IM"]
[WhiteElo "2585"]
[BlackElo "2393"]
[WhiteTeam "Denmark"]
[BlackTeam "Venezuela"]
[WhiteFideId "1413864"]
[BlackFideId "3900258"]
[EventDate "2020.07.07"]
[EventType "team"]

1. Nf3 c5 2. g3 Nc6 3. Bg2 e5 4. e4 Nf6 5. d3 Be7 6. O-O O-O 7. c3 d5 8. exd5
Nxd5 9. Re1 Bg4 10. h3 Bxf3 11. Qxf3 Nc7 12. Na3 Re8 13. Nc4 Bf8 14. a4 Qd7 15.
a5 Re6 16. h4 g6 17. Bh3 f5 18. g4 e4 19. dxe4 Rxe4 20. Rxe4 fxe4 21. Qxe4 Qd1+
22. Kg2 Re8 23. Ne3 Qd8 24. Qc4+ Kh8 25. g5 Ne5 26. Qf4 Bg7 27. Qg3 Rf8 28. f4
Nd3 29. Nf1 Nd5 30. f5 gxf5 31. Kg1 c4 32. Bg2 f4 33. Qf3 Ne7 34. Qe4 Nf5 35.
Qxc4 Nxh4 36. Qd5 f3 37. Qxd8 Rxd8 38. Bh3 f2+ 39. Kh1 Re8 40. Be3 Nf3 41. Rd1
Nxb2 42. Rd7 Nc4 43. Bxf2 Nxg5 44. Bg2 Nxa5 45. Rd5 Bxc3 46. Rxg5 Nc6 47. Rc5
Bg7 48. Bxc6 bxc6 49. Rxc6 a5 50. Ra6 Bc3 51. Kg2 Kg7 52. Ne3 Kf7 53. Nd5 Bb4
54. Kf3 Re5 55. Nf4 Ke8 56. Ra8+ Kd7 57. Ra7+ Kc6 58. Rxh7 Kb5 59. Nd3 Re8 60.
Nb2 Kc6 61. Rh6+ Kd5 62. Rh5+ Re5 63. Rh6 Re6 64. Rh5+ Re5 65. Rh7 Re7 66. Rh1
Re6 67. Rd1+ Kc6 68. Be3 Kb5 69. Rd5+ Kc6 70. Rh5 Re8 71. Nd3 Re6 72. Ke2 Re8
73. Rf5 Re6 74. Nf4 Re8 75. Kd3 Rd8+ 76. Kc4 Rd6 77. Nd5 Re6 78. Bd4 Rh6 79. Rf7
Rh1 80. Rf6+ Kd7 81. Nb6+ Ke7 82. Nd5+ Kd7 83. Be3 Rd1 84. Rg6 Ke8 85. Rg7 Kf8
86. Rb7 Ke8 87. Bg5 Rg1 88. Bf6 Rf1 89. Kb5 Re1 90. Bh4 Rc1 91. Nf6+ Kd8 92.
Ne4+ Kc8 93. Rh7 Rb1 94. Kc6 Rc1+ 95. Kb6 Rb1 96. Ka6 Rc1 97. Bg3 Rc6+ 98. Kb5
Re6 99. Ng5 Rg6 100. Bf4 Rf6 101. Be3 Rf5+ 102. Ka4 Re5 103. Bf4 Rf5 104. Ne6
Rf6 105. Rc7+ Kb8 106. Rf7+ Rxf4 107. Nxf4 1-0

[Event "Online Olym Div3 D 2020"]
[Site "chess.com INT"]
[Date "2020.07.08"]
[Round "4.4"]
[Board "2"]
[White "Martinez Reyes, Pedro Ramon"]
[Black "Hansen, Sune Berg"]
[Result "1-0"]
[WhiteTitle "FM"]
[BlackTitle "GM"]
[WhiteElo "2422"]
[BlackElo "2552"]
[WhiteTeam "Venezuela"]
[BlackTeam "Denmark"]
[WhiteFideId "3901807"]
[BlackFideId "1400266"]
[EventDate "2020.07.07"]
[EventType "team"]

1. e4 e5 2. Nf3 Nc6 3. d4 exd4 4. Nxd4 Bc5 5. Nxc6 Qf6 6. Qf3 bxc6 7. Be2 d6 8.
Nc3 Rb8 9. O-O a6 10. Na4 Bd4 11. c3 Ba7 12. Rd1 Qxf3 13. Bxf3 Ne7 14. c4 Ng6
15. c5 Rb4 16. b3 Rxa4 17. bxa4 Bxc5 18. Bb2 f6 19. Bd4 Bxd4 20. Rxd4 c5 21.
Rdd1 Ne5 22. Be2 g5 23. Rab1 Nc6 24. Bc4 Ke7 25. Bd5 Na5 26. Rb8 c6 27. Bb3 Kd7
28. Bc2 Kc7 29. Rbb1 h5 30. f3 h4 31. Kf2 Nc4 32. Bd3 Ne5 33. Be2 a5 34. g3
hxg3+ 35. hxg3 Rh2+ 36. Ke3 Be6 37. Rh1 Rg2 38. Ba6 Bd7 39. Rb7+ Kd8 40. Rh8+
Ke7 41. Rh7+ Ke6 42. Rbxd7 1-0

[Event "Online Olym Div3 D 2020"]
[Site "chess.com INT"]
[Date "2020.07.08"]
[Round "4.4"]
[Board "3"]
[White "Kakulidis, Ellen"]
[Black "Varela La Madrid, Tilsia Carolina"]
[Result "0-1"]
[WhiteTitle "WCM"]
[BlackTitle "WIM"]
[WhiteElo "2059"]
[BlackElo "2060"]
[WhiteTeam "Denmark"]
[BlackTeam "Venezuela"]
[WhiteFideId "1444972"]
[BlackFideId "3903001"]
[EventDate "2020.07.07"]
[EventType "team"]

1. d4 d5 2. c4 c6 3. Nf3 Nf6 4. g3 dxc4 5. Bg2 Ne4 6. O-O Nd6 7. Ne5 g6 8. Qc2
Be6 9. Na3 Bg7 10. Rd1 O-O 11. Naxc4 Nxc4 12. Nxc4 Na6 13. a3 Nc7 14. b4 Qc8 15.
Bb2 Rd8 16. Ne5 Nb5 17. e3 Bh3 18. Rac1 Bxg2 19. Kxg2 Qe6 20. a4 Nd6 21. Nd3
Qd5+ 22. Kg1 Rac8 23. Nc5 h5 24. h4 f5 25. Nd3 Ne4 26. Nf4 Qf7 27. Qc4 Qxc4 28.
Rxc4 Kf7 29. Kf1 e5 30. Ne2 Nd6 31. Rcc1 e4 32. Nf4 Bf8 33. Ke2 Ne8 34. b5 cxb5
35. axb5 Nd6 36. b6 axb6 37. Ba3 Nb5 38. Bxf8 Rxf8 39. Kd2 Nd6 40. Nd5 b5 41.
Rb1 Rc6 42. Rdc1 Rfc8 43. Rxc6 bxc6 44. Nb4 Ke6 45. Rc1 Nc4+ 46. Ke2 Kd6 47. Rd1
Ra8 48. d5 c5 49. Nc6 Ra2+ 50. Kf1 Nd2+ 51. Kg1 Kxd5 52. Ne7+ Ke6 53. Nxg6 c4
54. Nf4+ Kf7 55. Nd5 Rb2 56. Rc1 b4 57. Nb6 c3 58. Nd5 Nf3+ 59. Kg2 Ne5 60. Nxb4
Rxb4 61. Rxc3 Rb2 62. Rc7+ Kf6 63. Rh7 Kg6 64. Rc7 Ng4 65. Rc6+ Kf7 66. Rc5
Rxf2+ 67. Kg1 Rf3 68. Rc7+ Ke8 69. Rh7 Rxg3+ 70. Kf1 Nf6 71. Rh6 Kf7 72. Kf2 Rg8
73. Ke2 Kg7 0-1

[Event "Online Olym Div3 D 2020"]
[Site "chess.com INT"]
[Date "2020.07.08"]
[Round "4.4"]
[Board "4"]
[White "Patino Garcia, Corals"]
[Black "Stolberg-Rohr, Thomine"]
[Result "1-0"]
[WhiteTitle "WFM"]
[BlackTitle "WFM"]
[WhiteElo "1921"]
[BlackElo "1918"]
[WhiteTeam "Venezuela"]
[BlackTeam "Denmark"]
[WhiteFideId "3902781"]
[BlackFideId "1504258"]
[EventDate "2020.07.07"]
[EventType "team"]

1. d4 Nf6 2. Bf4 g6 3. Nc3 Bg7 4. e4 d6 5. Qd2 O-O 6. O-O-O Nc6 7. f3 Re8 8. h4
h5 9. Be2 e5 10. dxe5 Nxe5 11. Nh3 Bxh3 12. Rxh3 Qe7 13. g4 Rad8 14. gxh5 Nxh5
15. Bg5 f6 16. Bh6 Kh7 17. Bxg7 Qxg7 18. f4 Nc6 19. f5 Qh6 20. fxg6+ Kxg6 21.
Rg1+ Kh7 22. Bxh5 Qxh5 23. Nd5 Qh6 24. Rhg3 Nd4 25. Qxh6+ Kxh6 26. Rg6+ Kh7 27.
Nxf6+ Kh8 28. Rh6# 1-0